| 000 | 00560nam a2200217 a 4500 | ||
|---|---|---|---|
| 999 |
_c12021 _d12021 |
||
| 001 | 12021 | ||
| 003 | BD-JhCC | ||
| 005 | 20230205134024.0 | ||
| 008 | 200307s2018 ii |||| ||a| 000 0 eng d | ||
| 020 | _a9788175992849 | ||
| 035 | _a(BD-JhCC) 12021 | ||
| 040 |
_aBD-JhCC _dBD-JhCC |
||
| 041 | _aeng | ||
| 082 |
_a822.32 _bSHA 2018 |
||
| 100 | _aShakespeare, William | ||
| 245 |
_aRomeo and Juliet / _cWilliam Shakespeare, |
||
| 260 |
_aIndia : _bClassic, _c2018 [reprint]. |
||
| 300 |
_a160 p. : _c21 cm . |
||
| 650 | _aEnglish Drama | ||
| 942 |
_2ddc _cBK _04 |
||